[Event "AUTO-ADV-4705"]
[Site "http://www.queenalice.com/game.php?id=1813266"]
[Date "2023.6.5"]
[Round "1"]
[White "Lucasbarbaruiva"]
[Black "ALDROB"]
[Result "1-0"]
[WhiteElo "1835"]
[BlackElo "1875"]

1. e4 c5 2. d3 d6 3. Be3 Nc6 4. Nc3 Nf6 5. Be2 g6 6. Nf3 Bg7 7. O-O O-O 8. a3
Nh5 9. Rb1 f5 10. exf5 Bxf5 11. Nh4 e5 12. Nxf5 Rxf5 13. Bxh5 Rxh5 14. Nd5 Qh4
15. h3 Rf8 16. Qg4 Qxg4 17. hxg4 Rh6 18. Bxh6 Bxh6 19. f3 Rf7 20. b4 cxb4 21.
axb4 Nd4 22. Rb2 Ne2+ 23. Kf2 Nd4 24. c3 Ne6 25. Rh1 Bg7 26. b5 Nc5 27. Rd1 b6
28. Ra2 e4 29. dxe4 Nxe4+ 30. Ke3 Nxc3 31. Nxc3 Bxc3 32. Rxd6 Be5 33. Re6 Bf4+
34. Ke4 Bb8 35. Re8+ Rf8 36. Rxf8+ Kxf8 37. f4 Kf7 38. g3 Ke6 39. Rh2 Kd6 40.
Rxh7 Ke6 41. f5+ gxf5+ 42. gxf5+ Kf6 43. g4 Kg5 44. Rg7+ Kf6 45. Rg8 Kf7 46.
Rxb8 1-0

[Event "AUTO-ADV-4705"]
[Site "http://www.queenalice.com/game.php?id=1813273"]
[Date "2023.6.5"]
[Round "1"]
[White "Lucasbarbaruiva"]
[Black "MMA34"]
[Result "1-0"]
[WhiteElo "1817"]
[BlackElo "1859"]

1. e4 c5 2. d3 d6 3. b3 Nf6 4. Bb2 Bg4 5. Be2 Bxe2 6. Nxe2 e5 7. Nd2 Nc6 8. O-O
Qd7 9. f4 Be7 10. f5 h5 11. a4 a5 12. Ng3 1-0

[Event "AUTO-ADV-4705"]
[Site "http://www.queenalice.com/game.php?id=1813274"]
[Date "2023.6.5"]
[Round "1"]
[White "MMA34"]
[Black "Lucasbarbaruiva"]
[Result "0-1"]
[WhiteElo "1878"]
[BlackElo "1798"]

1. e4 e5 2. Nf3 d6 3. Bc4 Be6 4. Bb3 Bxb3 5. axb3 g6 6. Nc3 Bh6 7. d4 Bxc1 8.
Qxc1 Ne7 9. Qh6 exd4 10. Nxd4 Nbc6 11. Nf3 Qd7 12. Qe3 O-O 0-1

[Event "japanintendista1023 17:00"]
[Site "http://www.queenalice.com/game.php?id=1814813"]
[Date "2023.6.25"]
[Round "-"]
[White "zubarev"]
[Black "Lucasbarbaruiva"]
[Result "1/2-1/2"]
[WhiteElo "1697"]
[BlackElo "1838"]

1. d4 d5 2. Nc3 e6 3. Nf3 Bb4 4. Bd2 Bxc3 5. Bxc3 Nf6 6. e3 O-O 7. Bd3 b6 8. Ne5
Bb7 9. O-O Nbd7 10. f4 c5 11. Qf3 Nxe5 12. fxe5 Nd7 13. Qh5 g6 14. Qh6 f6 15.
Rf3 Rf7 16. Raf1 f5 17. Rh3 c4 18. Be2 Qf8 19. Qg5 a5 20. Rh6 b5 21. Rf3 b4 22.
Be1 Nb6 23. Rfh3 Na4 24. Qh4 Qg7 25. Bg3 Nxb2 26. Bf4 Ra7 27. Bg5 Ba6 28. Bf6
Qf8 29. Rxg6+ 1/2-1/2

[Event "MarcosBay_ 17:01"]
[Site "http://www.queenalice.com/game.php?id=1814814"]
[Date "2023.6.25"]
[Round "-"]
[White "Lucasbarbaruiva"]
[Black "zubarev"]
[Result "0-1"]
[WhiteElo "1850"]
[BlackElo "1730"]

1. d4 d5 2. e3 e6 3. g3 Nf6 4. Bg2 Bd6 5. Ne2 O-O 6. O-O Nbd7 7. b3 Ne4 8. Bxe4
dxe4 9. Ba3 Bxa3 10. Nxa3 Qe7 11. Qc1 f5 12. Nc4 b5 13. Nb2 Nf6 14. c4 bxc4 15.
Nxc4 Ba6 16. Nf4 Rad8 17. Ne5 Nd5 18. Nxd5 Rxd5 19. Qc6 Bxf1 20. Kxf1 Rd6 21.
Qc5 Qg5 22. Qxc7 Rdd8 23. Qxa7 Rc8 24. Qa6 Qe7 25. a4 Rc2 26. Qb5 Qc7 27. a5 Qc3
28. Re1 g5 29. Nd7 Rf7 30. Nc5 Rf6 31. a6 Ra2 32. Qe8+ Rf8 33. Qxe6+ Rf7 34. Qc4
Qb2 35. Re2 Ra1+ 36. Kg2 Qb1 37. Ne6 Qf1# 0-1

[Event "AUTO-OPEN-4461"]
[Site "http://www.queenalice.com/game.php?id=1816620"]
[Date "2023.7.19"]
[Round "1"]
[White "Rocio"]
[Black "Lucasbarbaruiva"]
[Result "0-1"]
[WhiteElo "1440"]
[BlackElo "1856"]

1. e4 e5 2. Nf3 d6 3. Bb5+ Bd7 4. Nc3 g6 5. d3 Bh6 6. Bxh6 Nxh6 7. Bc4 O-O 8.
Nd5 Be6 9. Qd2 Kg7 10. b3 Bxd5 11. exd5 Nd7 12. g3 Nf5 13. h4 c6 14. dxc6 bxc6
15. h5 d5 16. Ba6 Qb6 17. Bc4 dxc4 18. dxc4 Nd4 19. Ng5 f6 20. Ne4 Nf3+ 21. Ke2
Nxd2 22. Kxd2 f5 23. Ng5 Qxf2+ 24. Kc1 Qe3+ 25. Kb1 Qxg5 26. hxg6 hxg6 27. Kb2
Qxg3 28. Rhd1 Rf7 29. Rd6 Qg2 30. Rad1 Nc5 31. R1d2 Qe4 32. Ka3 a5 33. Kb2 a4
34. b4 a3+ 35. Kc3 Qe3+ 36. R2d3 Qe1+ 37. Rd2 Ne4+ 38. Kd3 Qxd2# 0-1

[Event "AUTO-OPEN-4461"]
[Site "http://www.queenalice.com/game.php?id=1816621"]
[Date "2023.7.19"]
[Round "1"]
[White "Lucasbarbaruiva"]
[Black "Rocio"]
[Result "1-0"]
[WhiteElo "1854"]
[BlackElo "1442"]

1. e4 e5 2. d3 Nf6 3. Bg5 h6 4. Bxf6 gxf6 5. Nc3 Rg8 6. g3 Nc6 7. Bh3 Nd4 8. Nf3
Nxf3+ 9. Qxf3 Bb4 10. a3 Bxc3+ 11. bxc3 Qe7 12. O-O Rg5 13. a4 f5 14. exf5 d6
15. d4 Bd7 16. dxe5 Qxe5 17. Rae1 O-O-O 18. Rxe5 dxe5 19. Bg2 Bc6 20. Qe3 a5 21.
Bxc6 bxc6 22. Qc5 Rxf5 23. Qxa5 Kd7 24. Rd1+ Ke8 25. Rxd8+ Kxd8 26. Qc5 Kd7 27.
a5 Rg5 28. a6 Rg8 29. Qxe5 c5 30. Qxc5 Ra8 31. Qd5+ Kc8 32. Qxa8+ Kd7 33. a7 Ke6
34. Qe8+ Kf6 35. a8=Q Kg6 36. Qac6+ Kg5 37. Qxf7 h5 38. Qcg6# 1-0

[Event "AUTO-OPEN-4461"]
[Site "http://www.queenalice.com/game.php?id=1816644"]
[Date "2023.7.19"]
[Round "1"]
[White "Lucasbarbaruiva"]
[Black "naugard47"]
[Result "1-0"]
[WhiteElo "1829"]
[BlackElo "1781"]

1. d4 d5 2. e3 Nf6 3. Bd3 h6 4. Nf3 Nc6 5. O-O a6 6. b3 e6 7. Ba3 Bd6 8. Bxd6
Qxd6 9. Nbd2 Bd7 10. c4 O-O-O 11. a4 a5 12. c5 Qe7 13. Bb5 Nb4 14. Bxd7+ Qxd7
15. Ne5 Qe8 16. Ndf3 c6 17. Nd3 Nxd3 18. Qxd3 Kb8 19. Rfb1 Rc8 20. b4 Qd8 21. b5
Nd7 22. bxc6 Rxc6 23. Rb5 Qc7 24. Rab1 b6 25. cxb6 Nxb6 26. Rxa5 Kc8 27. Qa6+
Kd8 28. Ne5 Rc1+ 29. Rxc1 Qxc1+ 30. Qf1 Qxf1+ 31. Kxf1 Ke7 32. Ra7+ Ke8 33. a5
Nd7 34. Rxd7 f6 35. Ra7 fxe5 36. Ra8+ Kf7 37. Rxh8 e4 38. a6 1-0

[Event "AUTO-OPEN-4461"]
[Site "http://www.queenalice.com/game.php?id=1816645"]
[Date "2023.7.19"]
[Round "1"]
[White "naugard47"]
[Black "Lucasbarbaruiva"]
[Result "1/2-1/2"]
[WhiteElo "1778"]
[BlackElo "1853"]

1. e4 e5 2. Nf3 d6 3. Nc3 Bg4 4. h3 Bxf3 5. Qxf3 Nf6 6. Bc4 Be7 7. O-O Nbd7 8.
d3 O-O 9. b4 a6 10. Be3 c6 11. Qg3 b5 12. Bb3 c5 13. a3 Nb6 14. Bh6 Nh5 15. Qg4
g6 16. Bxf8 Bxf8 17. Nd5 Nxd5 18. Bxd5 Rc8 19. Qf3 Qf6 20. Qxf6 Nxf6 21. Bb7 Rc7
22. Bxa6 cxb4 23. axb4 Rxc2 24. Bxb5 d5 25. f3 Bxb4 26. Rad1 dxe4 27. dxe4 Nh5
28. Rd8+ Kg7 29. Kh2 Nf4 30. Rdd1 Rxg2+ 31. Kh1 Rb2 32. Rb1 Rxb1 33. Rxb1 Bc3
34. h4 Bd4 35. Kh2 Ne6 36. Kg3 h5 37. Rc1 Kf6 38. Bd7 Nc5 1/2-1/2

[Event "AUTO-OPEN-4461"]
[Site "http://www.queenalice.com/game.php?id=1816646"]
[Date "2023.7.19"]
[Round "1"]
[White "Lucasbarbaruiva"]
[Black "Capixabba789"]
[Result "1/2-1/2"]
[WhiteElo "1834"]
[BlackElo "1868"]

1. d4 d5 2. e3 Bf5 3. Bd3 Bg6 4. Bxg6 hxg6 5. Nf3 Nf6 6. O-O e6 7. b3 Nc6 8.
Nbd2 Bd6 9. a4 g5 10. g3 g4 11. Nh4 Ne4 12. Nxe4 dxe4 13. Qxg4 Qe7 14. Qxe4
O-O-O 15. c4 f5 16. Qf3 Qe8 17. a5 a6 18. Ba3 Nxa5 19. Bxd6 Nxb3 20. Be5 Nxa1
21. Rxa1 Rg8 22. c5 g5 23. Ng2 g4 24. Qe2 Qc6 1/2-1/2

[Event "AUTO-OPEN-4461"]
[Site "http://www.queenalice.com/game.php?id=1816647"]
[Date "2023.7.19"]
[Round "1"]
[White "Capixabba789"]
[Black "Lucasbarbaruiva"]
[Result "1/2-1/2"]
[WhiteElo "1870"]
[BlackElo "1832"]

1. e4 e5 2. f4 exf4 3. Nf3 d6 4. d4 Bg4 5. Bc4 Bxf3 6. Qxf3 Nf6 7. Bxf4 Nbd7 8.
O-O Be7 9. Nd2 O-O 10. e5 dxe5 11. dxe5 Ne8 12. Ne4 Bc5+ 13. Nxc5 Nxc5 14. b4
Ne6 15. Rad1 Qe7 16. Qxb7 Nxf4 17. Rxf4 Qxe5 18. Re4 Qxe4 19. Qxe4 Nd6 20. Qh4
Nxc4 21. Qxc4 a5 22. bxa5 Rfc8 23. Rd7 Rf8 24. Qxc7 Rab8 25. a6 1/2-1/2

[Event "Capixabba789"]
[Site "http://www.queenalice.com/game.php?id=1818476"]
[Date "2023.8.10"]
[Round "1"]
[White "Capixabba789"]
[Black "Lucasbarbaruiva"]
[Result "0-1"]
[WhiteElo "1684"]
[BlackElo "1858"]

1. e4 e5 2. f4 exf4 3. Nf3 d6 4. Bc4 Be6 5. Bxe6 fxe6 6. d3 e5 7. O-O Nc6 8. Nc3
Nf6 9. Nd5 Be7 10. Nxe7 Qxe7 11. c3 a6 12. Kh1 h6 13. Bd2 O-O 14. a4 Qe6 15. b4
b6 16. b5 Na5 17. bxa6 Rxa6 18. c4 Nb7 19. Bc3 Nc5 20. Qc2 Rfa8 21. Nh4 Rxa4 22.
Rxa4 Rxa4 23. Nf5 Ng4 24. d4 exd4 25. Nxd4 Qxc4 26. Qe2 Qxe2 27. Nxe2 Rxe4 28.
Nxf4 Ne3 29. Rf2 Nd1 30. Re2 Nxc3 31. Rxe4 N5xe4 0-1

[Event "AUTO-ADV-4705"]
[Site "http://www.queenalice.com/game.php?id=1821096"]
[Date "2023.9.18"]
[Round "2"]
[White "OnlyJoking"]
[Black "Lucasbarbaruiva"]
[Result "1-0"]
[WhiteElo "1998"]
[BlackElo "1867"]

1. d4 d5 2. c4 dxc4 3. Nf3 e6 4. a3 a6 5. e4 b5 6. Bd2 Bb7 7. Nc3 Be7 8. b3 Nf6
9. Qc2 Nfd7 10. bxc4 c6 11. Bd3 O-O 12. c5 a5 13. O-O Na6 14. e5 f6 15. Bxh7+
Kh8 16. Nh4 f5 17. Ng6+ Kxh7 18. Nxf8+ Qxf8 19. Rfe1 b4 20. Na4 g5 21. Re3 Kg6
22. Rg3 g4 23. Rxg4+ Kf7 24. Rg3 Qh8 25. Qd1 Rg8 26. Rxg8 Qxg8 27. Qe1 Qg4 28.
Qe3 Nf8 29. Nb6 Ng6 30. f3 Qh5 31. axb4 f4 32. Qe2 Nxb4 33. Bxb4 axb4 34. Ra7
Qf5 35. Nc4 Bc8 36. Nd6+ Kg7 37. Nxf5+ exf5 38. Qb2 Be6 39. Qxb4 Bd5 40. Kf2 Kf7
41. Qb7 Kf8 42. Qd7 Kf7 43. Qxf5+ Kg7 44. Qg4 Kf7 45. h4 Be6 46. Qh5 Kg7 47. Qg5
Kh7 48. Rxe7+ Nxe7 49. Qxe7+ Kh8 50. Qxe6 Kh7 51. Qf6 Kg8 52. e6 Kh7 53. e7 Kg8
54. e8=R+ Kh7 55. Rh8# 1-0

[Event "AUTO-ADV-4705"]
[Site "http://www.queenalice.com/game.php?id=1821097"]
[Date "2023.9.18"]
[Round "2"]
[White "Lucasbarbaruiva"]
[Black "OnlyJoking"]
[Result "0-1"]
[WhiteElo "1856"]
[BlackElo "2012"]

1. e4 c5 2. d3 Nc6 3. b3 e5 4. g3 h6 5. Ba3 b6 6. Nd2 d6 7. Bh3 Be7 8. Bxc8 Qxc8
9. Qe2 Nd4 10. Qd1 Bg5 11. Ngf3 Bxd2+ 12. Nxd2 Nf6 13. Nc4 Qc7 14. c3 Nb5 15.
Bb2 d5 16. exd5 Nxd5 17. Qd2 O-O 18. O-O Rfe8 19. a4 Nd6 20. Nxd6 Qxd6 21. Rae1
Re6 22. d4 Rae8 23. dxe5 Rxe5 24. c4 Rxe1 25. Rxe1 Rxe1+ 26. Qxe1 Qe7 27. Qd2
Nf6 28. Ba3 a5 29. Bb2 Ne4 30. Qe3 Qb7 31. Bc1 Ng5 32. Qe8+ Kh7 33. Bxg5 hxg5
34. Qe5 f6 35. Qd6 Kg6 36. Kf1 Kh7 37. Qd5 Qxd5 38. cxd5 Kg8 39. Ke2 Kf7 40. Ke3
Ke7 41. Ke4 g6 42. f4 gxf4 43. gxf4 Kd6 44. f5 g5 45. h3 Kd7 46. Ke3 Kc7 47. Ke4
Kd6 48. Kd3 Kxd5 49. Ke3 Ke5 50. Kd3 Kxf5 51. Kc4 Ke5 52. Kb5 f5 53. Kxb6 f4 54.
Kxa5 f3 55. Kb5 f2 56. Kxc5 f1=Q 57. b4 Qa6 58. a5 Ke6 59. h4 gxh4 60. b5 Qxa5
61. Kc6 Qd8 62. b6 Qb8 63. b7 Ke7 64. Kb6 Kd6 65. Ka6 Kc5 66. Ka5 Qa7# 0-1

[Event "Capixabba789"]
[Site "http://www.queenalice.com/game.php?id=1823611"]
[Date "2023.10.22"]
[Round "2"]
[White "Lucasbarbaruiva"]
[Black "tche_elvio"]
[Result "1-0"]
[WhiteElo "1846"]
[BlackElo "1373"]

1. d4 g6 2. e3 Bg7 3. Bd3 e6 4. Nf3 d6 5. O-O Nf6 6. b3 O-O 7. Ba3 a6 8. Nbd2 b5
9. c4 c5 10. Rb1 b4 11. Bb2 cxd4 12. Nxd4 Qd7 13. a3 a5 14. a4 Bb7 15. Nb5 Na6
16. Be2 Ne4 17. Nxe4 Bxb2 18. Rxb2 d5 19. cxd5 Qxd5 20. Qxd5 Bxd5 21. Nf6+ Kg7
22. Nxd5 exd5 23. Rd1 h5 24. Rxd5 Rfd8 25. Rxd8 Rxd8 26. h3 Nc5 27. Bc4 Nd3 28.
Bxd3 Rxd3 29. Kf1 f5 30. Ke2 Rd7 31. Rd2 Rxd2+ 32. Kxd2 Kf6 33. Kd3 Ke5 34. g3
g5 35. f4+ gxf4 36. exf4+ Kd5 37. Nd4 1-0

[Event "Challenge"]
[Site "http://www.queenalice.com/game.php?id=1824136"]
[Date "2023.10.29"]
[Round "-"]
[White "naugard47"]
[Black "Lucasbarbaruiva"]
[Result "0-1"]
[WhiteElo "1667"]
[BlackElo "1822"]

1. e4 e5 2. Nf3 d6 3. d4 exd4 4. Nxd4 Bd7 5. Nc3 Nc6 6. Be3 Nf6 7. f3 Be7 8. Qd2
O-O 9. O-O-O Nxd4 10. Bxd4 a6 11. a3 Bc6 12. g4 Nd7 13. h4 Bxh4 14. Bf2 Bg5 15.
Be3 Bxe3 16. Qxe3 Ne5 17. Bg2 Bd7 18. Nd5 Bc6 19. Nf4 b5 20. Nd5 Bxd5 21. exd5
Re8 22. Qf4 f6 23. Qf5 h6 24. Rhe1 Qd7 25. f4 Qxf5 26. gxf5 Nc4 27. Be4 a5 28.
c3 b4 29. a4 bxc3 30. bxc3 Rab8 31. Bd3 Rxe1 32. Rxe1 Nb6 33. Re7 Rc8 34. Bb5
Nxd5 35. Bc4 c6 36. Rd7 Kh8 37. Ba6 Rb8 38. Kc2 Nxf4 39. Rxd6 Rb6 40. Rd8+ Kh7
41. Bc4 h5 42. Bf7 Rb7 43. Bg6+ Nxg6 44. fxg6+ Kxg6 45. Ra8 h4 46. Re8 Kg5 47.
Re1 f5 48. Rg1+ Kh5 49. Rf1 g6 0-1

[Event "Capixaba789-3"]
[Site "http://www.queenalice.com/game.php?id=1825535"]
[Date "2023.11.20"]
[Round "1"]
[White "Lucasbarbaruiva"]
[Black "Mateuzao_99"]
[Result "0-1"]
[WhiteElo "1829"]
[BlackElo "2064"]

1. d4 d5 2. e3 Nf6 3. Nf3 Bg4 4. Be2 Nc6 5. b3 e6 6. Ba3 Bxa3 7. Nxa3 Qd6 8. Qc1
a6 9. O-O O-O 10. c4 Ne7 11. c5 Qd8 12. b4 c6 13. Nb1 Nd7 14. Nc3 Qc7 15. a4 b5
16. axb5 axb5 17. Rxa8 Rxa8 18. Qb2 e5 19. dxe5 Bxf3 20. Bxf3 Nxe5 21. Be2 Qa7
22. f4 Nd7 23. Bg4 Nf6 24. Bf3 Qa3 25. Qxa3 Rxa3 26. Nd1 Rb3 27. e4 dxe4 28.
Bxe4 Nxe4 29. Re1 f5 30. Nf2 Rxb4 31. Nd3 Rb3 32. Ne5 h6 33. Rd1 Kh7 34. h3 Nxc5
35. Rc1 Nd3 36. Nxd3 Rxd3 37. Re1 b4 38. Rxe7 b3 39. Rb7 c5 40. Rb4 cxb4 41. Kh2
b2 42. g4 b1=Q 43. gxf5 Qc2+ 44. Kg1 Rd1# 0-1

[Event "Challenge"]
[Site "http://www.queenalice.com/game.php?id=1826022"]
[Date "2023.11.26"]
[Round "-"]
[White "Lucasbarbaruiva"]
[Black "jorm"]
[Result "1-0"]
[WhiteElo "1839"]
[BlackElo "1888"]

1. d4 d5 2. e3 Nf6 3. b3 a6 4. Ba3 g6 5. Nd2 Bg7 6. Ngf3 Nc6 7. c4 dxc4 8. Bxc4
b5 9. Bd3 b4 10. Bb2 O-O 11. O-O Bd7 12. Nc4 Ne8 13. Qc1 Nd6 14. Nxd6 cxd6 15.
Rb1 a5 16. Bb5 Rc8 17. Qd2 d5 18. Bxc6 Bxc6 19. a3 Qd6 20. axb4 axb4 21. Rfc1
Bd7 22. Rxc8 Rxc8 23. Rc1 Rb8 24. Rc5 f6 25. Qc1 e5 26. Rc7 e4 27. Ne1 h5 28. g3
Bh3 29. Ng2 g5 30. Qc5 Qd8 31. Qc6 Rc8 32. Rxc8 Bxc8 33. Ne1 h4 34. Kg2 hxg3 35.
hxg3 Bf8 36. Nc2 Bf5 37. Qb5 Bg4 38. Nxb4 Be6 39. Ba3 Kg7 40. Nc6 Qe8 41. Bxf8+
Qxf8 42. Qc5 Qe8 43. Qe7+ Qxe7 44. Nxe7 Kf7 45. Nc6 Bd7 46. Nb4 Ke6 47. Na6 Kf7
48. b4 Ke7 49. Nc5 Bc6 50. f3 Kd6 51. fxe4 dxe4 52. Kh3 Kd5 53. Kg4 Kc4 54. Kf5
Kxb4 55. Kxf6 1-0

[Event "Capixabba789"]
[Site "http://www.queenalice.com/game.php?id=1827572"]
[Date "2023.12.18"]
[Round "3"]
[White "Charles56"]
[Black "Lucasbarbaruiva"]
[Result "0-1"]
[WhiteElo "1657"]
[BlackElo "1830"]

1. e4 e5 2. Nf3 d6 3. Na3 g6 4. h3 Bh6 5. Bc4 Be6 6. Bxe6 fxe6 7. d3 Bxc1 8.
Qxc1 Nc6 9. Ng5 Qe7 10. Qd2 O-O-O 11. Nf3 Nf6 12. c3 Nh5 13. b4 Nf4 14. g3 Nh5
15. c4 Rhf8 16. Nh2 Nd4 17. Nc2 Nxc2+ 18. Qxc2 Nf6 19. a4 Nd7 20. f3 Nb6 21. Qc3
h5 22. d4 exd4 23. Qxd4 e5 24. Qd3 g5 25. g4 hxg4 26. Nxg4 Rf4 27. a5 Nd7 28.
Kd2 Rdf8 29. Raf1 Nf6 30. Nxf6 R8xf6 31. Ke2 Qh7 32. c5 Qh4 33. Rf2 Qg3 34. Qe3
Rh6 35. Rfh2 dxc5 36. bxc5 g4 37. fxg4 Qxe3+ 38. Kxe3 Rhf6 39. g5 Rf3+ 40. Ke2
R6f4 41. Rg2 Ra3 42. g6 Ra2+ 0-1

[Event "AUTO-OPEN-4461"]
[Site "http://www.queenalice.com/game.php?id=1828728"]
[Date "2024.1.7"]
[Round "2"]
[White "bmax"]
[Black "Lucasbarbaruiva"]
[Result "1-0"]
[WhiteElo "2280"]
[BlackElo "1832"]

1. d4 d5 2. Bf4 e6 3. e3 Nf6 4. Nf3 Bd6 5. Bg3 Bxg3 6. hxg3 O-O 7. Nc3 b6 8. Ne5
Bb7 9. Bd3 Nbd7 10. f4 c5 11. g4 c4 12. Bxh7+ Nxh7 13. g5 g6 14. Qf3 Nxe5 15.
Qh3 Re8 16. Qxh7+ Kf8 17. fxe5 Qxg5 18. Rf1 Qxe3+ 19. Ne2 f5 20. exf6 Re7 21.
Qxe7+ Kg8 22. Qg7# 1-0

[Event "AUTO-OPEN-4461"]
[Site "http://www.queenalice.com/game.php?id=1828729"]
[Date "2024.1.7"]
[Round "2"]
[White "Lucasbarbaruiva"]
[Black "bmax"]
[Result "0-1"]
[WhiteElo "1857"]
[BlackElo "2291"]

1. d4 c6 2. e3 d5 3. Nf3 Bg4 4. Be2 e6 5. O-O Nd7 6. b3 Ngf6 7. a4 Bb4 8. c3 Ba5
9. Ba3 Bc7 10. Nbd2 a5 11. c4 Ne4 12. cxd5 cxd5 13. Nxe4 dxe4 14. Nd2 Bxe2 15.
Qxe2 Qh4 16. g3 Qd8 17. Nxe4 Ra6 18. Rac1 Rb6 19. Rc3 f5 20. Nc5 Nxc5 21. Rxc5
Bd6 22. Rfc1 Bxc5 23. Bxc5 Rxb3 24. Qa2 Qd5 25. Rb1 Rxb1+ 26. Qxb1 h5 27. Qb5+
Kf7 28. Qxa5 Rc8 29. Qb6 e5 30. a5 exd4 31. exd4 Re8 32. Qb1 h4 33. Qd1 h3 34.
Qh5+ g6 35. Qh7+ Kf6 36. Qh4+ Kg7 37. Qxh3 Re1+ 38. Qf1 Rxf1+ 39. Kxf1 Qh1+ 40.
Ke2 Kf7 41. h4 Qe4+ 42. Kf1 Ke6 43. Kg1 Kd5 44. Bb6 f4 45. Kh2 Qf3 46. gxf4
Qxf2+ 47. Kh3 Qxf4 48. Bc5 Qf3+ 49. Kh2 Qg4 50. Bb6 Qxh4+ 51. Kg2 g5 52. Kg1
Qg3+ 53. Kh1 Qf2 54. Bc5 Ke4 55. a6 bxa6 56. d5 Qxc5 57. d6 Qxd6 58. Kg2 Kf4 59.
Kf2 Qd2+ 60. Kf1 Kf3 61. Kg1 Qg2# 0-1

[Event "Challenge"]
[Site "http://www.queenalice.com/game.php?id=1832122"]
[Date "2024.2.22"]
[Round "-"]
[White "naugard47"]
[Black "Lucasbarbaruiva"]
[Result "0-1"]
[WhiteElo "1677"]
[BlackElo "1855"]

1. e4 e5 2. c4 d6 3. Nc3 g6 4. d3 Bh6 5. Bxh6 Nxh6 6. h3 Nc6 7. a3 f5 8. g3 a6
9. Qf3 Nd4 10. Qd1 Bd7 11. Bg2 Qe7 12. Nd5 Qd8 13. Ne2 Nxe2 14. Qxe2 O-O 15.
exf5 Nxf5 16. O-O Nd4 17. Qd1 b5 18. Rc1 c6 19. Ne3 Be6 20. b4 a5 21. c5 dxc5
22. Rxc5 axb4 23. axb4 Qd6 24. Re1 Ra4 25. Qd2 Nb3 26. Rxc6 Qxc6 27. Bxc6 Nxd2
28. Nc2 Bxh3 29. Bg2 Bxg2 30. Kxg2 Rc8 31. Ra1 Rxc2 0-1

[Event "Capixaba789-3"]
[Site "http://www.queenalice.com/game.php?id=1833862"]
[Date "2024.3.20"]
[Round "2"]
[White "sasquatico"]
[Black "Lucasbarbaruiva"]
[Result "1-0"]
[WhiteElo "1957"]
[BlackElo "1864"]

1. d4 d5 2. Nc3 e6 3. a3 g6 4. Nf3 Bh6 5. Bxh6 Nxh6 6. h3 b6 7. e3 Ba6 8. Bxa6
Nxa6 9. Ne5 O-O 10. Qd3 Nb8 11. e4 c6 12. Qe3 Kg7 13. Ne2 f6 14. Ng4 Nxg4 15.
hxg4 g5 16. e5 h6 17. Ng3 Qe8 18. exf6+ Rxf6 19. Nh5+ Kg6 20. Nxf6 Qf7 21. Nh5
Nd7 22. Qd3+ Qf5 23. gxf5+ exf5 24. g4 Rf8 25. gxf5+ Rxf5 26. Ng3 c5 27. Qxf5+
Kg7 28. Qxd7+ Kg6 29. Qe6+ Kg7 30. Nf5+ Kf8 31. Qe7+ Kg8 32. Qg7# 1-0